000 01863nam a22003137a 4500
005 2009061809419.0
008 090513t xxu||||| |||| 00| 0 hin d
010 _aHIN-86974-975
020 _c300.00
_a8171452027 (भा-1)
020 _c300.00
_a8171452035 (भा-2)
035 _aHN-59320-21
037 _bDBAD / PUB
040 _adpl
_bhn
082 _a954.0841092
100 _aशकुन, सत्य
245 _aमैं तुम्हें आज़ादी दूंगा /
_cसत्य शकुन
246 _aMen tunmhe aajaadi dungaa
_bby Satya Sakun
260 _aदिल्ली
_bसन्मार्ग प्रकाशन
_c2008
270 _a16, यू.बी. बैंग्लों रोड, जपॉवाहर नगर
_bदिल्ली
_e110007
300 _a2 भा. (भा-1,256पृ.; भा-2,240पृ.)
_c22सेमी (सजिल्द)
500 _a2 भागों में प्रकाशित ।मूल्य रू. 300.00 (प्रति भाग)
600 _aबोस, सुभाषचन्द्र, 1897-1945
600 _aBose, Subhash Chandra, 1897-1945
651 _aभारत
_xइतिहास
_xस्वायत्ता और स्वाधीनता संघर्ष
651 _aIndia
_xHistory
_xAutonomy and independece movement
942 _2ddc
_cHN
_mशकुन
_h954.0841092
999 _c27585
_d27585